| 000 | 00550nam a22001337a 4500 | ||
|---|---|---|---|
| 040 | _cRUA | ||
| 082 | _aAGR LY 2009 B042 Or.1 | ||
| 100 | _aLY, TYNETH. | ||
| 245 | _astrategies to increase secondary crops in cambodia ( យុទ្ធសាស្រ្តជំរុញដំណាំរួមផ្សំនៅក្នុងប្រទេសកម្ពុជា) | ||
| 260 |
_aPhnom Penh _bRUA _c2009 |
||
| 300 |
_axv, 86p. _bill. _c29cm. |
||
| 856 | _uhttps://drive.google.com/file/d/1pwCil7hlxxNQ0nbNNTY_ZF1vELf997ol/view?usp=sharing | ||
| 942 | _cAGR | ||
| 999 |
_c958 _d958 |
||